Estudio de la interacción lípido-proteína sobre la función y la organización del receptor de acetilcolina nicotínico en membranas y en sistemas modelos simples /
Guardado en:
| Otros Autores: | , , |
|---|---|
| Formato: | Manuscrito |
| Idioma: | Spanish |
| Publicado: |
2014.
|
| Materias: | |
| Acceso en línea: | Texto parcial |
| Etiquetas: |
Agregar Etiqueta
Sin Etiquetas, Sea el primero en etiquetar este registro!
|
| LEADER | 01454ntm a22003015a 4500 | ||
|---|---|---|---|
| 001 | EUN.eunm005722 | ||
| 008 | 150210s2014####ag#######bm###000#0#spa#d | ||
| 005 | 20201103170352.0 | ||
| 245 | 1 | 0 | |a Estudio de la interacción lípido-proteína sobre la función y la organización del receptor de acetilcolina nicotínico en membranas y en sistemas modelos simples / |c Vanesa Liliana Perillo. |
| 260 | |c 2014. | ||
| 300 | |a xiii, 160 h. : |b il. col. ; |c 30 cm. | ||
| 500 | |a "Tesis de Doctor en Bioquímica". | ||
| 500 | |a Directores de tesis: Silvia S. Antollini y Francisco J. Barrantes. | ||
| 502 | |a Tesis (doctor)--Universidad Nacional del Sur. Departamento de Biología, Bioquímica y Farmacia, 2014. | ||
| 530 | |a Disponible también resumen, abstract y bibliografía en formato digital. | ||
| 504 | |a Incluye referencias bibliográficas. | ||
| 100 | 1 | |a Perillo, Vanesa Liliana. |4 dis | |
| 700 | 1 | |a Antollini, Silvia Susana. |4 ths | |
| 700 | 1 | |a Barrantes, Francisco J., |d 1944- |4 ths | |
| 710 | 2 | |a Universidad Nacional del Sur. |b Departamento de Biología, Bioquímica y Farmacia |4 dgg. | |
| 082 | 0 | 4 | |a 040 |2 15 |
| 082 | 0 | 4 | |a 612.814 |2 21 |
| 082 | 0 | 4 | |a 574.19245 |2 19 |
| 650 | 7 | |a Bioquímica. |2 unbist | |
| 653 | |a Receptor de acetilcolina nicotínico | ||
| 653 | |a Interacción lípido-proteína | ||
| 856 | 4 | 1 | |3 Texto parcial |u http://repositoriodigital.uns.edu.ar/handle/123456789/542 |
| 859 | |a AR-BaUNS |b BIB. CENTRAL - Tesis |h 040 |i B148 2014-1341pe |k R |p 124857/015 | ||
